Statistics for Italian Names for World Cities

Click here to take the quiz!

General Stats

  • This quiz has been taken 1,773 times
    (1,770 since last reset)
  • The average score is 14 of 16

Answer Stats

Hint Answer % Correct
LondraLondon
100%
MoscaMoscow
99%
ParigiParis
98%
ZurigoZurich
95%
SeulSeoul
94%
StoccolmaStockholm
94%
FiladelfiaPhiladelphia
93%
AlessandriaAlexandria
92%
Città del MessicoMexico City
92%
FirenzeFlorence
90%
MarsigliaMarseille
84%
L'AvanaHavana
77%
GiacartaJakarta
76%
SivigliaSeville
71%
Città del CapoCape Town
66%
PechinoBeijing
60%

Score Distribution

Percentile by Number Answered

Percent of People with Each Score

Your Score History

You have not taken this quiz since the last reset